Využitie nástrojov manažérstva kvality diplomová práca

Enregistré dans:
Détails bibliographiques
Auteur principal: Prachnár, Matúš
Collectivité auteur: Podnikovohospodárska fakulta EU so sídlom v Košiciach. Katedra ekonómie a manažmentu
Autres auteurs: Mizla, Martin, 1955-
Format: Livre
Langue:slovaque
Publié: Košice 2025
Tags: Ajouter un tag
Pas de tags, Soyez le premier à ajouter un tag!

MARC

LEADER 00000nbm a2200000 4500
001 0309086
005 20260203100730.2
041 0 |a slo 
044 |a SK 
245 1 0 |a Využitie nástrojov manažérstva kvality  |b diplomová práca  |c Matúš Prachnár ; školiteľ: Martin Mizla 
264 1 |a Košice  |c 2025 
300 |a 80 s. 
100 1 |a Prachnár, Matúš 
700 1 |a Mizla, Martin, 1955- 
710 2 |a Podnikovohospodárska fakulta EU so sídlom v Košiciach. Katedra ekonómie a manažmentu